Southville International School and Colleges

The Essential tales and poems of Edgar Allan Poe / (Record no. 368645)

000 -LEADER
fixed length control field 00649nam a22001937a 4500
003 - CONTROL NUMBER IDENTIFIER
control field 0
005 - DATE AND TIME OF LATEST TRANSACTION
control field 20251114120111.0
008 - FIXED-LENGTH DATA ELEMENTS--GENERAL INFORMATION
fixed length control field 251114b xxu||||| |||| 00| 0 eng d
020 ## - INTERNATIONAL STANDARD BOOK NUMBER
International Standard Book Number 1-59308-064-6
050 ## - LIBRARY OF CONGRESS CALL NUMBER
Classification number PS 2631
Item number .E87 2004
245 ## - TITLE STATEMENT
Title The Essential tales and poems of Edgar Allan Poe /
Statement of responsibility, etc edited by Benjamin F. Fisher.
260 ## - PUBLICATION, DISTRIBUTION, ETC. (IMPRINT)
Place of publication, distribution, etc New York, NY :
Name of publisher, distributor, etc Barnes & Noble Books,
Date of publication, distribution, etc 2004.
300 ## - PHYSICAL DESCRIPTION
Extent xlv, 642 pages ;
Dimensions 21 cm.
600 ## - SUBJECT ADDED ENTRY--PERSONAL NAME
Personal name Poe, Edgar Allan, 1809–1849
General subdivision Literary collections.
650 ## - SUBJECT ADDED ENTRY--TOPICAL TERM
Topical term or geographic name as entry element Detective and mystery stories, American.
650 ## - SUBJECT ADDED ENTRY--TOPICAL TERM
Topical term or geographic name as entry element Short stories, American.
650 ## - SUBJECT ADDED ENTRY--TOPICAL TERM
Topical term or geographic name as entry element Horror tales, American.
942 ## - ADDED ENTRY ELEMENTS (KOHA)
Source of classification or shelving scheme
Koha item type Books
Holdings
Date last seen Shelving location Price effective from Date acquired Source of acquisition Koha item type Current Location Lost status Withdrawn status Damaged status Sub Shelving location Permanent Location Full call number Source of classification or shelving scheme Barcode
2025-11-14Fiction Section2025-11-142024-08-01DonationBooksCollege Library    College LibraryPS 2631 .E87 2004 C25677
Powered by Koha